00518nam a2200181 450000500170000002000300001704000340004708200140008110000310009524500610012626000640018730000280025154600090027965000090028865000180029765000120031565000090032720251008072552.0 a8175343672cTZS 26,245.80 aMCCLbeng.eAACR 2nd rev. ed. a340.1 LAW aSorabjee, Soli J. (editor) aLaw & Justicec/ Soli J. Sorabjee (editor)ban anthology aNew Delhi :bUniversal Law Publishing Co. Pvt. Ltd.,c2003. a xii, 315 p. : c22 cm. aeng. aLaw  aLaw & Justice aJustice aLaw